| 000 | 01090nam a2200253 i 4500 | ||
|---|---|---|---|
| 001 | 183326 | ||
| 003 | ES-MaACL | ||
| 005 | 20250819063111.0 | ||
| 008 | 140324s2007 mx |||| | spa d | ||
| 020 | _a978-970-35-13574 | ||
| 100 | 1 |
_aPeña, Ernesto de la, _d1927-2012 _990218 |
|
| 245 | 1 | 0 |
_aObra reunida / _cErnesto de la Peña. |
| 250 | _a1ª ed. | ||
| 260 |
_aMéxico, D.F. : _bConsejo Nacional para la Cultura y las Artes, _c2007. |
||
| 300 |
_a3 v. : _bil. ; _c24 cm. |
||
| 504 | _aIncluye refernecias bibliográficas. Indices. | ||
| 505 | 8 | _aT. 1. Ensayo -- t. 2. Ensayos y traducciones -- t. 3. Narrativa y poesia | |
| 852 |
_aES-MaACL _jA-13061 _pv.1 _9190265 _bR.149762 _cDEPO1 _dOlim: N-6061 _hDonación: Real Academia Española |
||
| 852 |
_aES-MaACL _jA-13062 _pv.2 _9200753 _bR.149762 _cDEPO1 _dOlim: N-6062 _hDonación: Real Academia Española |
||
| 852 |
_aES-MaACL _jA-13063 _pv.3 _9200754 _bR.149762 _cDEPO1 _dOlim: N-6063 _hDonación: Real Academia Española |
||
| 914 |
_96336 _aReal Academia Española _ednr |
||
| 942 |
_2udc _cMONOGRAFIA |
||
| 999 |
_c183326 _d183326 |
||